<?xml version="1.0" encoding="UTF-8"?>
<record
    xmlns:xsi="http://www.w3.org/2001/XMLSchema-instance"
    xsi:schemaLocation="http://www.loc.gov/MARC21/slim http://www.loc.gov/standards/marcxml/schema/MARC21slim.xsd"
    xmlns="http://www.loc.gov/MARC21/slim">

  <leader>01782nam a22002657a 4500</leader>
  <controlfield tag="001">4321</controlfield>
  <controlfield tag="003">FISKH</controlfield>
  <controlfield tag="005">20251204161435.0</controlfield>
  <controlfield tag="008">240718b        cb ||||| |||| 00| 0 eng d</controlfield>
  <datafield tag="020" ind1=" " ind2=" ">
    <subfield code="a">9781597071093</subfield>
  </datafield>
  <datafield tag="040" ind1=" " ind2=" ">
    <subfield code="a">FISKH</subfield>
    <subfield code="b">eng</subfield>
    <subfield code="c">FISKH</subfield>
    <subfield code="d">FISKH</subfield>
  </datafield>
  <datafield tag="050" ind1=" " ind2=" ">
    <subfield code="a">PN6728.B533 </subfield>
  </datafield>
  <datafield tag="082" ind1=" " ind2=" ">
    <subfield code="a">741.5 </subfield>
  </datafield>
  <datafield tag="100" ind1=" " ind2=" ">
    <subfield code="a">Farshtey, Greg </subfield>
  </datafield>
  <datafield tag="245" ind1=" " ind2=" ">
    <subfield code="a">Bionicle, Vol. 1: </subfield>
    <subfield code="b">Rise of the Toa Nuva /</subfield>
    <subfield code="c">Writer ; Gre Farshtey ; Artist : Carlos D'anda, Randy Elliott </subfield>
  </datafield>
  <datafield tag="250" ind1=" " ind2=" ">
    <subfield code="a">This edition published in 2008</subfield>
  </datafield>
  <datafield tag="260" ind1=" " ind2=" ">
    <subfield code="a">New York : </subfield>
    <subfield code="b">Papercutz, </subfield>
    <subfield code="c">2000 </subfield>
  </datafield>
  <datafield tag="300" ind1=" " ind2=" ">
    <subfield code="a">106 unnumbered pages :                                                                          </subfield>
    <subfield code="b">color illustrations ;        </subfield>
    <subfield code="c">20 cm</subfield>
  </datafield>
  <datafield tag="520" ind1=" " ind2=" ">
    <subfield code="a">Six mighty heroes--the Toa--arrive on a tropical island to find a land under siege. The Great Spirit Mata Nui has been cast into an unending sleep by the evil Makuta. Now Makuta is attacking the island's Matoran villagers with vicious Rahi beasts. The Toa must combine their skills and elemental and mask powers to defeat Makuta and restore peace to the island. In the second story, The Toa return to the island named for Mata Nui to find it is being overrun by mechanical insects called Bohrok. These Bohrok have been unleashed by Makuta and are rapidly destroying trees, mountains, rivers, villages and anything else in their path. After a long, difficult battle, the Toa are able to defeat the queens of the swarms and end the Bohrok threat...for now. During the fight, the heroes are transformed into Toa Nuva, with new armor, new weapons, and new Masks of Power.</subfield>
  </datafield>
  <datafield tag="650" ind1=" " ind2=" ">
    <subfield code="a">Graphic Novels </subfield>
    <subfield code="v">Science Fiction</subfield>
    <subfield code="x">Comic Book </subfield>
  </datafield>
  <datafield tag="700" ind1=" " ind2=" ">
    <subfield code="a">D'anda, Carlos </subfield>
    <subfield code="e">illustrator </subfield>
  </datafield>
  <datafield tag="700" ind1=" " ind2=" ">
    <subfield code="a">Elliott, Randy </subfield>
    <subfield code="e">illustrator  </subfield>
  </datafield>
  <datafield tag="942" ind1=" " ind2=" ">
    <subfield code="2">ddc</subfield>
    <subfield code="c">BK</subfield>
    <subfield code="n">0</subfield>
  </datafield>
  <datafield tag="999" ind1=" " ind2=" ">
    <subfield code="c">4321</subfield>
    <subfield code="d">4321</subfield>
  </datafield>
  <datafield tag="952" ind1=" " ind2=" ">
    <subfield code="0">0</subfield>
    <subfield code="1">0</subfield>
    <subfield code="2">ddc</subfield>
    <subfield code="4">0</subfield>
    <subfield code="7">0</subfield>
    <subfield code="8">FIC</subfield>
    <subfield code="a">001</subfield>
    <subfield code="b">001</subfield>
    <subfield code="c">COM</subfield>
    <subfield code="d">2024-07-18</subfield>
    <subfield code="l">0</subfield>
    <subfield code="o">FAR 741.5 PN6728.B533 </subfield>
    <subfield code="p">FISTK01015</subfield>
    <subfield code="r">2024-07-18 14:55:00</subfield>
    <subfield code="t">1</subfield>
    <subfield code="w">2024-07-18</subfield>
    <subfield code="y">BK</subfield>
  </datafield>
  <datafield tag="952" ind1=" " ind2=" ">
    <subfield code="0">0</subfield>
    <subfield code="1">0</subfield>
    <subfield code="2">ddc</subfield>
    <subfield code="4">0</subfield>
    <subfield code="7">0</subfield>
    <subfield code="8">FIC</subfield>
    <subfield code="a">002</subfield>
    <subfield code="b">002</subfield>
    <subfield code="c">SCB</subfield>
    <subfield code="d">2025-12-04</subfield>
    <subfield code="l">0</subfield>
    <subfield code="o">FAR 741.5 PN6728.B533 </subfield>
    <subfield code="p">FIS03169</subfield>
    <subfield code="r">2025-12-04 15:41:00</subfield>
    <subfield code="t">2</subfield>
    <subfield code="w">2025-12-04</subfield>
    <subfield code="y">BK</subfield>
  </datafield>
</record>
